Library Banner

The divorce culture / (Record no. 89702)

MARC details
000 -LEADER
fixed length control field 00612cam a2200205 a 4500
001 - CONTROL NUMBER
control field 3998830
005 - DATE AND TIME OF LATEST TRANSACTION
control field 20170103103408.0
008 - FIXED-LENGTH DATA ELEMENTS--GENERAL INFORMATION
fixed length control field 960729t19971996nyu b 001 0 eng
020 ## - INTERNATIONAL STANDARD BOOK NUMBER
International Standard Book Number 0679432302 (alk. paper)
040 ## - CATALOGING SOURCE
Transcribing agency PK-LaUMT
082 00 - DEWEY DECIMAL CLASSIFICATION NUMBER
Classification number 306.890973
Edition number 20
Item number WHI-D
100 1# - MAIN ENTRY--PERSONAL NAME
Personal name Whitehead, Barbara Dafoe
245 14 - TITLE STATEMENT
Title The divorce culture /
Statement of responsibility, etc Barbara Dafoe Whitehead
260 ## - PUBLICATION, DISTRIBUTION, ETC. (IMPRINT)
Place of publication, distribution, etc New York :
Name of publisher, distributor, etc Alfred A. Knopf :
Date of publication, distribution, etc 1996
300 ## - PHYSICAL DESCRIPTION
Extent x, 224 p. ;
Dimensions 25 cm.
650 #0 - SUBJECT ADDED ENTRY--TOPICAL TERM
Topical term or geographic name as entry element Divorce
Geographic subdivision United States.
650 #0 - SUBJECT ADDED ENTRY--TOPICAL TERM
Topical term or geographic name as entry element Families
Geographic subdivision United States.
650 #0 - SUBJECT ADDED ENTRY--TOPICAL TERM
Topical term or geographic name as entry element Children
Geographic subdivision United States
General subdivision Social conditions.
942 ## - ADDED ENTRY ELEMENTS (KOHA)
Koha item type Books
Holdings
Withdrawn status Lost status Damaged status Home library Current library Date acquired Full call number Barcode Date last seen Price effective from Koha item type
      UMT Main Campus UMT Main Campus 2017-01-03 306.890973 WHI-D 104837 2017-01-03 2017-01-03 Books